1769 1522 1939 1836 1190 1281 1949 1427 1343 1182 1580 1054 1999 1911 1005 1404 1176 1087 1672 1894 1936 1783 1173 1923 1427 1832 1308 1061 1099 1998 1663 1880 1327 1954 1892 1862 1022 1711 1856 1713 1739 1290 1431 1353 1322 1636 1752 1824 1483 1079 1624 1201 1586 1842 1546 1724 1099 1331 1365 1060 1034 1673 1212 1867 1273 1070 1887 1543 1183 1914 1940 1013 1652 1570 1029 1705 1327 1851 1874 1235 1663 1043 1578 1021 1972 1490 1574 1952 1849 1243 1151 1943 1324 1017 1511 1344 1559 1724 1974 BCNSPRNW ULIB Ver.6.0+V

เปลี่ยนเป็นภาษาไทย

Change to English
 แสดงรายละเอียดบรรณานุกรม
  กลับหน้าหลัก

Brief Record : Get Marc (ISO 2709) : E-mail record : QR code < ปิดหน้าต่าง
LEADER : 00000nam 2200000uu 4500
001    13399114753
003     ULIB
008    120514s2554||||th 000 0 tha d
020    ^a978974032805
050  4 ^aBF335^bว387ท
100 0  ^aวัชรี ทรัพย์มี
245 10 ^aทฤษฏีให้บริการปรึกษา /^cวัชรี ทรัพย์มี
250    ^aพิมพ์ครั้งที่ 6
260    ^aกรุงเทพฯ :^bจุฬาลงกรมหาวิทยาลัย,^c2554
300    ^a275 หน้า
650  7 ^aการให้คำปรึกษา
650  7 ^aทฤษฎีให้บริการปรึกษา
650  7 ^aปรึกษา
710 1  ^aจุฬาลงกรมหาวิทยาลัย.^bคณะจิตวิทยา
945    ^p290^l0^i19028
945    ^p290^l0^i19029
945    ^p290^l0^i19030
995    ^aกัณชพร
999    ^aใช้งานได้ทุกระบบ
รายการนี้ยังไม่มีแท็ก
คุณยังไม่ได้ล็อกอิน คุณสามารถมีกิจกรรมร่วมกับเว็บไซต์ได้ แต่ต้องล็อกอินก่อน ::
  ล็อกอิน

รายการสื่อสารสนเทศ

ลำดับที่ ประเภท เลขเรียก/บาร์โค้ด สถานที่ สถานะ
1. วิทยาศาสตร์การแพทย์ และสุขภาพ
วิทยาศาสตร์การแพทย์ และสุขภาพ
สถานะ=หนังสือเก่า
BF335 ว387ท  
  Barcode: 19028
ห้องสมุดวิทยาเขตนครสวรรค์
►ส่วนจัดเก็บหนังสือเก่า นว.
บนชั้น
  ขอยืม
2. วิทยาศาสตร์การแพทย์ และสุขภาพ
วิทยาศาสตร์การแพทย์ และสุขภาพ
สถานะ=หนังสือเก่า
BF335 ว387ท ฉ.2 
  Barcode: 19029
ห้องสมุดวิทยาเขตนครสวรรค์
►ส่วนจัดเก็บหนังสือเก่า นว.
บนชั้น
  ขอยืม
3. วิทยาศาสตร์การแพทย์ และสุขภาพ
วิทยาศาสตร์การแพทย์ และสุขภาพ
สถานะ=หนังสือเก่า
BF335 ว387ท ฉ.3 
  Barcode: 19030
ห้องสมุดวิทยาเขตนครสวรรค์
►ส่วนจัดเก็บหนังสือเก่า นว.
บนชั้น
  ขอยืม

รายการใกล้เคียง
    ผู้แต่ง [วัชรี ทรัพย์มี]

    หัวเรื่อง [การให้คำปรึกษา]
    หัวเรื่อง [ทฤษฎีให้บริการปรึกษา]
    หัวเรื่อง [ปรึกษา]

BibComment


ยังไม่เคยถูกคอมเมนท์

คอมเมนท์ทรัพยากรรายการนี้
  คอมเมนท์: ทฤษฏีให้บริการปร..


 Copyright 2026. Bcnsprnw @Library